Yüklüyor......

The seventeenth century background: studies in the thought of the age inrelation to poetry and religion

Detaylı Bibliyografya
Yazar: Willey, Basil
Materyal Türü: Printed Book
Baskı/Yayın Bilgisi: New York, Columbia University 1977
Konular:
LEADER 005880000a22001690004500
041 |a en 
082 |a 821.009 WIL/S L7 
100 |a Willey, Basil 
245 |a The seventeenth century background: studies in the thought of the age inrelation to poetry and religion 
260 |a New York, Columbia University 
260 |c 1977 
650 |a Criticism 
650 |a English Literature 
650 |a Poetry and Religion 
942 |c BK 
999 |c 150975  |d 150971 
952 |0 0  |1 0  |4 0  |6 821_009000000000000_WIL_S_L7  |7 0  |9 149801  |a SCK  |b SCK  |d 2017-10-23  |l 0  |o 821.009 WIL/S L7  |p SCK01461  |r 2017-10-23  |w 2017-10-23  |y BK